Normal view
MARC view
- MANSON, JOHN A,HERTZBERY, RICHARD W
Entry Personal Name
001 - CONTROL NUMBER
- control field: 74422
003 - CONTROL NUMBER IDENTIFIER
- control field: NUST
005 - DATE AND TIME OF LATEST TRANSACTION
- control field: 20210628205216.0
008 - FIXED-LENGTH DATA ELEMENTS
- fixed length control field: 210628|| aca||aabn | a|a d
040 ## - CATALOGING SOURCE
- Original cataloging agency: NUST
- Transcribing agency: NUST
100 ## - HEADING--PERSONAL NAME
- Personal name: MANSON, JOHN A,HERTZBERY, RICHARD W
670 ## - SOURCE DATA FOUND
- Source citation: Work cat.: (NUST): MANSON, JOHN A,HERTZBERY, RICHARD W, FATIQUE OF ENGINEERING PLASTICS, 1980
